IBM PC Assembley language and programming . (Record no. 715)
[ view plain ]
| 000 -LEADER | |
|---|---|
| fixed length control field | 00764nam a22002537a 4500 |
| 008 - FIXED-LENGTH DATA ELEMENTS--GENERAL INFORMATION | |
| fixed length control field | 131008b xxu||||| |||| 00| 0 eng d |
| 020 ## - INTERNATIONAL STANDARD BOOK NUMBER | |
| International Standard Book Number | 81-203-1037-3 |
| 024 ## - OTHER STANDARD IDENTIFIER | |
| Terms of availability | Available |
| 037 ## - SOURCE OF ACQUISITION | |
| Terms of availability | Avaialble |
| 040 ## - CATALOGING SOURCE | |
| Original cataloging agency | MBSTU LIBRARY |
| Modifying agency | MBSTU LIBRARY |
| 082 ## - DEWEY DECIMAL CLASSIFICATION NUMBER | |
| Edition number | 22 |
| Classification number | 005.362 ABI |
| 100 ## - MAIN ENTRY--PERSONAL NAME | |
| Personal name | Abel, Peter. |
| 245 ## - TITLE STATEMENT | |
| Title | IBM PC Assembley language and programming . |
| 250 ## - EDITION STATEMENT | |
| Edition statement | 3rd,5th. |
| 260 ## - PUBLICATION, DISTRIBUTION, ETC. (IMPRINT) | |
| Place of publication, distribution, etc. | New Delhi |
| Name of publisher, distributor, etc. | Prentice Hall. |
| Date of publication, distribution, etc. | 2001,2004 |
| 300 ## - PHYSICAL DESCRIPTION | |
| Extent | 23 cm. |
| Other physical details | 592, 545 page. |
| Type of unit | 6 |
| Size of unit | 23 cm. |
| 600 ## - SUBJECT ADDED ENTRY--PERSONAL NAME | |
| Source of heading or term | Programming languages. |
| 650 ## - SUBJECT ADDED ENTRY--TOPICAL TERM | |
| Source of heading or term | Programming languages. |
| 700 ## - ADDED ENTRY--PERSONAL NAME | |
| Personal name | Abel, Peter. |
| 270 ## - ADDRESS | |
| Address | New Delhi |
| City | New Delhi |
| Country | India |
| 365 ## - TRADE PRICE | |
| Price amount | 234.00 |
| Unit of pricing | 234.00 |
| 942 ## - ADDED ENTRY ELEMENTS (KOHA) | |
| Source of classification or shelving scheme | |
| Koha item type | Books |
No items available.
